00465nam a22001457a 4500008004100000040001800041041000800059100003600067245006100103260004700164300001700211500004800228650002300276650002000299130821s1896 enk gr eng  aCo-BoUCMbspa00aeng aShakespeare, WilliamD1564-161600aShakespeare's tragedy of CoriolanvscWilliam Shakespeare aLondres (Inglaterra)bJ.M. Dent Sonsc1896 a192páginas aIncluye glosario y notas al final del texto04aLiteratura inglesa04aTeatro inglés